Science Quiz

Random Science or Clickable Quiz

Constellations known in Antiquity Quiz Stats

 Plays Quiz not verified by Sporcle

Challenge
Share
Tweet
Score 0/50 Timer 06:00
0 Plays Today
% Correct
Aquarius
97.9%
Aries
97.9%
Canis Major
97.9%
Canis Minor
97.9%
Andromeda
95.7%
Cancer
95.7%
Capricornus
95.7%
Hercules
95.7%
Hydra
95.7%
Leo
95.7%
Cygnus
93.6%
Draco
93.6%
Libra
93.6%
Aquila
91.5%
Boötes
91.5%
Cassiopeia
91.5%
Centaurus
91.5%
Gemini
91.5%
Cepheus
87.2%
Cetus
87.2%
Corona Borealis
87.2%
Orion
87.2%
Pegasus
87.2%
Pisces
87.2%
Sagittarius
87.2%
% Correct
Lyra
85.1%
Perseus
85.1%
Taurus
85.1%
Ursa Major
83%
Ursa Minor
83%
Auriga
80.9%
Eridanus
80.9%
Scorpius
80.9%
Corvus
76.6%
Delphinus
76.6%
Lupus
76.6%
Ophiuchus
76.6%
Virgo
76.6%
Lepus
74.5%
Sagitta
74.5%
Serpens
74.5%
Corona Australis
70.2%
Equuleus
70.2%
Carina
68.1%
Crater
68.1%
Piscis Austrinus
66%
Puppis
63.8%
Triangulum
63.8%
Vela
57.4%
Ara
53.2%

You're not logged in!

Compare scores with friends on all Sporcle quizzes.
Join for Free
OR
Log In

You Might Also Like...

Show Comments

Extras

Top Quizzes Today


Score Distribution

Your Account Isn't Verified!

In order to create a playlist on Sporcle, you need to verify the email address you used during registration. Go to your Sporcle Settings to finish the process.

Report this User

Report this user for behavior that violates our Community Guidelines.

Details: